[Event "ROM-ch U10 Boys"]
[Site "Voineasa"]
[Date "2008.04.12"]
[Round "1"]
[White "Onu, Raul Cristian"]
[Black "Hoha, Mihai"]
[Result "1-0"]
[WhiteElo "539"]
[BlackElo "401"]
[PlyCount "69"]
[EventDate "2008.04.08"]
[EventType "swiss"]
[EventRounds "9"]
[EventCountry "ROU"]
[SourceTitle "EXT 2013"]
[Source "ChessBase"]
[SourceDate "2012.11.22"]
[SourceVersion "1"]
[SourceVersionDate "2012.11.22"]
[SourceQuality "1"]

1. e4 c5 2. Nf3 a6 3. d4 cxd4 4. Nxd4 e5 5. Nf3 Nc6 6. Nc3 Nf6 7. Bg5 Be7 8. Be2 0-0 9. 0-0 Qb6 10. Rb1 h6 11. Be3 Qc7 12. Qd3 Nb4 13. Qc4 Qxc4 14. Bxc4 Nxc2 15. Nxe5 Bd6 16. Nf3 Bc7 17. Bd2 d6 18. a3 Bg4 19. Nd5 Nxd5 20. Bxd5 Bxf3 21. gxf3 Rab8 22. Kg2 Nd4 23. Rbc1 Nb5 24. Bc4 Nd4 25. Be3 Ne6 26. Bxe6 fxe6 27. Rxc7 Rbc8 28. Rxc8 Rxc8 29. Rc1 Rxc1 30. Bxc1 d5 31. exd5 exd5 32. Kg3 Kf7 33. Kf4 Kf6 34. Be3 g5+ 35. Kg4 1-0